| 000 | 00615nam a2200193 i 4500 | ||
|---|---|---|---|
| 001 | 58010 | ||
| 003 | ES-MaACL | ||
| 005 | 20230906163714.0 | ||
| 007 | t| | ||
| 008 | 031020s1975 mx ||||1| spa d | ||
| 100 | 1 |
_aDunbar, Carl O. _946024 |
|
| 245 | 1 | 0 |
_aPrincipios de estratigrafía / _cCarl O. Dunbar, John Rodgers ; [traducido por Manuel Alvarez]. |
| 250 | _a[1ª ed., 4ª reimp.]. | ||
| 260 |
_aMéxico : _bCompañía Editorial Continental, _c[1975] |
||
| 300 |
_a422 p. : _bil. ; _c26 cm. |
||
| 700 | 1 |
_aRodgers, John. _998134 |
|
| 700 | 1 |
_aAlvarez, Manuel. _920661 |
|
| 852 |
_aES-MaACL _jA-5962 _bR.94899 |
||
| 999 |
_c58010 _d58010 |
||